000
00259nam a22001217a 4500
041
_a
ENG
100
_a
Phipps .L.J
245
_a
Mechanics In Agriculture
260
_a
Delhi
_b
The Intrstate
_c
1967
300
_a
835
650
_a
GAE (15)
856
_u
GAE (15)
999
_c
2961
_d
2961